zpět

Detail výsledku týmu

R.A.M., Jablonec nad Nisou

Datum a čas kvízu

37.5 Celkem bodů Celkový počet nahraných bodů na tomto kvízu bez doplňovacích otázek.
11. Pořadí na kvízu Konečné umístění týmu na tomto kvízu.

Zaznamenané odpovědi

# Otázka Odpověď Body Výsledky
1. Která česká politička se stala... Markéta Pekarová-Adamová 1
2. Ve středu se do vesmíru po něk... Atlas 1
3. Ve čtvrtek 6. června si na půd... D) sklářství 1
4. Minulý týden byl v Praze k vid... Tesla Cybertuck 1
5. Jaroslav Svejkovský se stal po... Vancouver Canucks 1
6. Dostanete vždy pět indicií, k... Idiot 1
7. Irsko – Homér – Bloom – jeden... Odysseus 1
8. Nashville – Felis – žár – Puli... Kočka na rozpálené plechové střeše 1
9. 3 sirotci – nevyléčitelná nemo... Román pro muže 1
10. Karviná – kronika – sv. Petr... Šikmý kostel 1